Alle Psycho Pokemon 1. Generation - Statistiken

Allgemein
  • Dieses Quiz wurde 63 mal gespielt
  • Das Durchschnittsergebnis liegt bei 10 aus 14
Antwortstatistiken
Antwort % Korrekt
Abra
94%
Kadabra
94%
Simsala
94%
Hypno
87%
Mew
83%
Traumato
81%
Mewtu
79%
Rossana
77%
Pantimos
74%
Lahmus
62%
Flegmon
60%
Owei
51%
Kokowei
49%
Starmie
47%
Keine übereinstimmenden Quizze gefunden
Verteilung der Resultate
Anzahl Personen mit jedem Resultat
Perzentil nach korrekt beantworteten Fragen
Ihre Resultats-Entwicklung
Sie haben dieses Quiz noch nicht gespielt